| 000 | 00821cab a2200229 4500 | ||
|---|---|---|---|
| 001 | WB3515-01 | ||
| 008 | 090401t1999 xxu||||| |||| 00| 0 eng d | ||
| 035 | _a(Sirsi) u92869 | ||
| 041 | _aeng | ||
| 245 | _aEgan pilots get ready to innovate | ||
| 260 | _c1999 | ||
| 350 | _a0 | ||
| 490 |
_aHousing Today _v(129) 15 April 1999, 3(1) |
||
| 520 | _aA provisional list of Approved Development Programme-funded demonstration projects adhering to Egan principles has been drawn up which includes 18 housing associations, suggesting that the sector has embraced the new construction agenda. | ||
| 650 | _aAPPROVED DEVELOPMENT PROGRAMME | ||
| 650 | _aEGAN REFORMS | ||
| 650 | _aHOUSE BUILDING | ||
| 650 | _aHOUSING ASSOCIATIONS | ||
| 690 | _aBUILDING AND CONSTRUCTION-PROJECTS | ||
| 942 | _n0 | ||
| 948 | _c20/04/1999 | ||
| 999 |
_c58870 _d58870 |
||